000 02534nam a2200313 a 4500
001 ASIN0470746629
003 OSt
005 20180116192408.0
008 120329s2010 xxu | 00| 0 eng d
020 _a0470746629 (paperback)
_c$40.00
020 _a9780470746622 (paperback)
040 _c0
082 _a720.47 ECO 2010
245 1 0 _aEcoredux :
_bdesign remedies for an ailing planet /
_cKallipoliti Lydia.
250 _a1st ed.
260 _aLondon :
_bWiley;
_c2010.
300 _a136 p. :
_c28 cm.
440 _aArchitectural design ;
_nv. 80, no. 6
_9661
490 1 _aProfile ;
_vno. 208
520 _aThis issue of AD explores the remarkable resurgence of ecological strategies in architectural imagination. As a symptom of a new sociopolitical reality inundated with environmental catastrophes, sudden climatic changes, garbage-packed metropolises and para-economies of non-recyclable e-waste, environmental consciousness and the image of the earth re-emerges, after the 1960s, as an inevitable cultural armature for architects; now faced with the urgency to heal an ill-managed planet that is headed towards evolutionary bankruptcy. At present though, in a world that has suffered severe loss of resources, the new wave of ecological architecture is not solely directed to the ethics of the world's salvation, yet rather upraises as a psycho-spatial or mental position, fuelling a reality of change, motion and action. Coined as ‘EcoRedux', this position differs from utopia in that it does not explicitly seek to be right; it recognises pollution and waste as generative potentials for design. In this sense, projects that may appear at first sight as science-fictional are not part of a foreign sphere, unassociated with the real, but an extrusion of our own realms and operations. Contributors include: Matthias Hollwich and Marc Kushner (HWKN), Fabiola López-Durán and Nikki Moore, Anthony Vidler and Mark Wigley. Featured architects: Anna Pla Catalá, Jonathan Enns, Eva Franch-Gilabert. Mitchell Joachim (Terreform One), François Roche (R&Sie(n)), Rafi Segal, Alexandros Tsamis and Eric Vergne.
650 _aArchitecture
_yEnvironmental aspects
_9662
650 _aSustainable architecture
_9663
650 _aEnvironmentalism
_9664
700 1 _aLydia, Kallipoliti.
_9665
830 0 _aArchitectural design.
_9666
856 4 0 _3Amazon.com
_uhttp://www.amazon.com/exec/obidos/ASIN/0470746629/chopaconline-20
942 _2ddc
_cBK
999 _c353454
_d353454